Néhány szó a telefón kérdéshez
Pred zavedením telefónu v Michalovciach vedúci poštového úradu podáva všeobecné informácie o spôsoboch telefónnych sietí, zariadeniach, tarifách a pod.
| Hlavný autor: | |
|---|---|
| Médium: | Článok |
| Jazyk: | Slovak Hungarian |
| Témy: | |
| Zdroj: |
1. Felsö-Zemplén 1. Roč. 11, č. 14 (29.03.1906) s. 1-2 |
| LEADER | 01152nab#a2200349#ar4500 | ||
|---|---|---|---|
| 001 | 000076486 | ||
| 003 | SVKKK | ||
| 005 | 20080604064314.0 | ||
| 008 | 080530c2008 xo |||||||||||||||b|slo | ||
| FMT | |||
| 038 | |a SVKKK | ||
| 040 | |a SVKKK |b slo |e AACR2 | ||
| 041 | 0 | |a hun | |
| 044 | |a xo |c SK | ||
| 080 | |a 654 |2 1997 | ||
| 100 | 1 | |a Molnár, Štefan |4 aut | |
| 242 | 1 | 0 | |a Niekoľko slov k otázke telefónu |c Štefan Molnár |y slo |
| 245 | 1 | 0 | |a Néhány szó a telefón kérdéshez |c István Molnár |
| 500 | |a Ex/Ro-75 | ||
| 520 | 2 | |a Pred zavedením telefónu v Michalovciach vedúci poštového úradu podáva všeobecné informácie o spôsoboch telefónnych sietí, zariadeniach, tarifách a pod. | |
| 600 | 1 | 4 | |a Molnár, Štefan |x vedúci pošty |z Michalovce (Slovensko) |y 1906 |
| 650 | 0 | 4 | |a telefonizácia pripravovaná |y 1906 |z Michalovce (Slovensko) |
| 655 | 4 | |a hungariká | |
| 773 | 0 | |t Felsö-Zemplén |g Roč. 11, č. 14 (29.03.1906) s. 1-2 | |
| 957 | |a Michalovce | ||
| 958 | |a DG | ||
| 958 | |a HU | ||
| 974 | |a zuz/Ba | ||
| 992 | |a RBX | ||
| 997 | |a Molnár, István p. Molnár, Štefan |d Nagymihály p. Michalovce | ||
| BAS | |||
| 998 | |a RETRO | ||